000 00243nam a2200097Ia 4500
008 240331s9999 xx 000 0 und d
082 _a291.082
_bHYM
100 _aLogo. ed
245 2 _aA Hymn to Creation :
_bEssays in Women And Religion
942 _cL
999 _c858
_d858